HOTEL & CATERING FOR BTEC FIRST (Record no. 229511)

MARC details
000 -LEADER
fixed length control field 00356pam a2200157 a 4500
020 ## - INTERNATIONAL STANDARD BOOK NUMBER
Terms of availability
041 ## - LANGUAGE CODE
Language code of original
082 ## - DEWEY DECIMAL CLASSIFICATION NUMBER
Classification number 642.4
100 ## - MAIN ENTRY--PERSONAL NAME
Personal name REAY
Relator term Author
245 ## - TITLE STATEMENT
Title HOTEL & CATERING FOR BTEC FIRST
Statement of responsibility, etc. REAY
Medium Textual Documents
260 ## - PUBLICATION, DISTRIBUTION, ETC.
Place of publication, distribution, etc. London
Name of publisher, distributor, etc. Educational Law
300 ## - PHYSICAL DESCRIPTION
Extent 165
653 ## - INDEX TERM--UNCONTROLLED
Uncontrolled term Catering Science
700 ## - ADDED ENTRY--PERSONAL NAME
Relator term Co-Author
930 ## - EQUIVALENCE OR CROSS-REFERENCE-UNIFORM TITLE HEADING [LOCAL, CANADA]
Uniform title 2110
Holdings
Withdrawn status Lost status Damaged status Not for loan Collection Home library Current library Date acquired Source of acquisition Cost, normal purchase price Total Checkouts Full call number Barcode Date last seen Copy number Price effective from Koha item type
          Institute of Hotel Management & Catering Technology, Pune Institute of Hotel Management & Catering Technology, Pune 01/01/1900 Book Space 156.00   642.4 HMP-DIP-377 07/03/2023 1 07/03/2023 Book